000 00675cam a22001935a 4500
001 ##J100677
008 000000s1906 000 0 eng u
035 _a(Sirsi) u100677
041 0 _aeng
050 0 4 _a942.273 $2 22
110 2 _aAuctioneers' Institute of the United Kingdom
_93785
245 0 0 _aAnnual provincial meeting at Windsor
_bWednesday, Thursday and Friday September 12th, 13th, and 14th 1906
260 _a[S.l.]
_b[s.n.]
_c1906
300 _a20p.
_bill
_c16cm.
520 _aPamphlet outlining a brief description of Windsor and its neighbourhood and work visit itinerary.
651 4 _aGreat Britain
_y1707-
690 _aAuctioneering
_96218
942 _n0
999 _c99750
_d99750